| 000 -LEADER |
| fixed length control field |
00420cam a22001337a 4500 |
| 008 - FIXED-LENGTH DATA ELEMENTS--GENERAL INFORMATION |
| fixed length control field |
180718b1975 xxu||||| |||| 00| 0 eng d |
| 082 ## - DEWEY DECIMAL CLASSIFICATION NUMBER |
| Classification number |
C43x54 Se55r |
| 100 ## - MAIN ENTRY--PERSONAL NAME |
| Personal name |
Sen, Ashok K. |
| 245 ## - TITLE STATEMENT |
| Title |
Role of governors in the emerging pattern of central-state relations in India |
| Statement of responsibility, etc. |
by Ashok K. Sen |
| 260 ## - PUBLICATION, DISTRIBUTION, ETC. |
| Place of publication, distribution, etc. |
Delhi |
| Name of publisher, distributor, etc. |
National |
| Date of publication, distribution, etc. |
1975 |
| 300 ## - PHYSICAL DESCRIPTION |
| Extent |
75p. |
| 650 ## - SUBJECT ADDED ENTRY--TOPICAL TERM |
| Topical term or geographic name entry element |
Governors - India |
| 650 ## - SUBJECT ADDED ENTRY--TOPICAL TERM |
| Topical term or geographic name entry element |
Federal-state relations - India |